Statistics for Hamburg Quiz

Click here to take the quiz!

General Stats

  • This quiz has been taken 160 times
  • The average score is 5 of 7

Answers on the Map

Answers color-coded by a green-red scale on the quiz's map according to % correct below.
 

Answer Stats

Answer% Correct
Hamburg Mitte
85%
Harburg
76%
Altona
72%
Eimsbüttel
67%
Bergedorf
65%
Wandsbek
61%
Hamburg Nord
59%

Score Distribution

Percentile by Number Answered

Percent of People with Each Score

Your Score History

You have not taken this quiz